La province de Saintonge de A à Z - Statistiques

Statistiques générales
  • Ce quiz a été pris 10 fois
  • Le résultat moyen est 5 sur 26
Statistiques - réponses
Lettre Question Réponse % Correct
C Au XIVe siècle, la Saintonge est un... Comté
80%
J Lieu de naissance du président François Mitterrand en 1916 Jarnac
80%
A Province romaine à laquelle a appartenu la Saintonge Aquitaine
70%
W Peuple qui occupe Saintes au Haut Moyen-âge Wisigoths
50%
B Sous-préfecture de la Charente jusqu'en 1926 Barbezieux
40%
Q La Rochelle est une des (...) places de sûreté accordées aux Protestants en 1570 Quatre
40%
P Roi de France qui reprend Cognac au XIVe siècle Philippe le Bel | Philippe IV
30%
X Ancien nom de la Saintonge Xaintonge
30%
N On peut encore voir à Cognac la maison de celle de François 1er nourrice
20%
O Avec Hennessy, Martell, Rémy-Martin, Camus, c'est le 5e grande maison de cognac Otard
20%
T Cette activité se développe à Cognac pour la conservation et l'envoi des alcools Tonnellerie
20%
U Cépage utilisé en Charente Ugni blanc
20%
G Ce pays, bien que de langue saintongeaise a toujours dépendu de la Guyenne Gabay | Grande gavacherie
10%
H Famille anglaise installée à Jarnac en 1763 qui va fonder une maison de Cognac Hine
10%
D Aussi connu comme le Bâtard d'Orléans, il commande les armées françaises au moment du rattachement de la Saintonge Dunois
0%
E Acteur né en 1963 à Cognac, membre des Grosses Têtes et partenaire dans Tout le monde a son mot à dire Eric Laugérias
0%
I Avec son frère Arnaud de Villebois, il fonde un château à Cognac vers l'an 1000 Itier
0%
Z Ambassadeur de France né à Cognac en 1954 (prénom et nom) Jean-Louis Zoël
0%
K Ville allemande jumelée avec Cognac Konigswinter
0%
L C'est pour ce ministre que Louis XIV érige la baronnie de Barbezieux en marquisat (prénom et nom) Michel Le Tellier
0%
M En 1451, après la prise de ce château la Saintonge est définitivement rattachée à la France Montguyon
0%
F Bâtard de Richard Coeur de Lion, il épouse l'héritière de Cognac et fait passer la ville sous domination anglaise (prénom et nom) Philip Fitzroy | Philip de Falconbridge
0%
R Célèbre troubadour dit de Barbezieux (prénom) Richard
0%
S On peut voir ce dolmen à Cognac Séchebec
0%
V Cognac a obtenu ce label en 2012 (6 mots) Ville d'art et d'histoire
0%
Y La Boule dans Fort-Boyard (prénom et nom) Yves Marchesseau
0%
Aucun quiz correspondant
Distribution des résultats
% des personnes avec chaque résultat
Percentile par nombre de réponses
Votre historique - résultats
Vous n’avez pas pris ce quiz